Detalles MARC
| 000 -LEADER |
| fixed length control field |
01327nam a22002777a 4500 |
| 003 - CONTROL NUMBER IDENTIFIER |
| control field |
OSt |
| 005 - DATE AND TIME OF LATEST TRANSACTION |
| control field |
20210325143302.0 |
| 008 - FIXED-LENGTH DATA ELEMENTS--GENERAL INFORMATION |
| fixed length control field |
210325s1998 sp a|||gr|||| 00| 0 spa d |
| 020 ## - INTERNATIONAL STANDARD BOOK NUMBER |
| International Standard Book Number |
848055123 (obra completa) |
| 040 ## - CATALOGING SOURCE |
| Original cataloging agency |
CO-JMCR |
| Transcribing agency |
CO-JMCR |
| 041 0# - LANGUAGE CODE |
| Language code of text/sound track or separate title |
spa |
| 082 04 - DEWEY DECIMAL CLASSIFICATION NUMBER |
| Edition number |
23 |
| Classification number |
R / 036 / |
| Item number |
W927 |
| 245 1# - TITLE STATEMENT |
| Title |
Guía estudiantil : |
| Remainder of title |
consultor interactivo / |
| 260 ## - PUBLICATION, DISTRIBUTION, ETC. |
| Place of publication, distribution, etc. |
Madrid : |
| Name of publisher, distributor, etc. |
Cultural, |
| Date of publication, distribution, etc. |
1998 |
| 300 ## - PHYSICAL DESCRIPTION |
| Extent |
8 volúmenes : |
| Other physical details |
ilustraciones a color ; |
| Dimensions |
26 cm. |
| 505 ## - FORMATTED CONTENTS NOTE |
| Miscellaneous information |
v.1 |
| Title |
Nuevas tecnologías. -- |
| Miscellaneous information |
v.2 |
| Title |
Historia universal. -- |
| Miscellaneous information |
v.3 |
| Title |
Geografía universal. -- |
| Miscellaneous information |
v.4 |
| Title |
Gramática.. -- |
| Miscellaneous information |
v.5 |
| Title |
Ciencias naturales. -- |
| Miscellaneous information |
v.6 |
| Title |
Química. -- |
| Miscellaneous information |
v.7 |
| Title |
Física. -- |
| Miscellaneous information |
v.8 |
| Title |
Matemáticas. |
| 650 ## - SUBJECT ADDED ENTRY--TOPICAL TERM |
| Topical term or geographic name entry element |
Geografía (Estudio y enseñanza) |
| Form subdivision |
Diccionarios y enciclopedias . |
| 9 (RLIN) |
36553 |
| 650 ## - SUBJECT ADDED ENTRY--TOPICAL TERM |
| Topical term or geographic name entry element |
Enseñanza de la química |
| Form subdivision |
Diccionarios y enciclopedias. |
| 9 (RLIN) |
36554 |
| 650 24 - SUBJECT ADDED ENTRY--TOPICAL TERM |
| Topical term or geographic name entry element |
Enseñanza de la química |
| Form subdivision |
Diccionarios y enciclopedias. |
| 9 (RLIN) |
36554 |
| 650 24 - SUBJECT ADDED ENTRY--TOPICAL TERM |
| Topical term or geographic name entry element |
Ciencia |
| Form subdivision |
Enseñanza |
| General subdivision |
Diccionarios y enciclopedias. |
| 9 (RLIN) |
36555 |
| 650 24 - SUBJECT ADDED ENTRY--TOPICAL TERM |
| Topical term or geographic name entry element |
Enseñanza de las matemáticas |
| Form subdivision |
Diccionarios y enciclopedias . |
| 9 (RLIN) |
36556 |
| 650 24 - SUBJECT ADDED ENTRY--TOPICAL TERM |
| General subdivision |
Enseñanza |
| Topical term or geographic name entry element |
Historia |
| Form subdivision |
Diccionarios y enciclopedias . |
| 9 (RLIN) |
36557 |
| 650 24 - SUBJECT ADDED ENTRY--TOPICAL TERM |
| General subdivision |
Enseñanza |
| Topical term or geographic name entry element |
Gramática |
| Form subdivision |
Diccionarios y enciclopedias . |
| 9 (RLIN) |
36558 |
| 650 24 - SUBJECT ADDED ENTRY--TOPICAL TERM |
| Topical term or geographic name entry element |
Enciclopedias y diccionarios. |
| 9 (RLIN) |
2047 |
| 942 ## - ADDED ENTRY ELEMENTS (KOHA) |
| Source of classification or shelving scheme |
Dewey Decimal Classification |
| Koha item type |
Books |